000 01383nam a2200361 a 4500
001 ebr5001659
003 CaPaEBR
006 m u
007 cr cn|||||||||
008 991129s1999 enk sb 001 0 eng
010 _z 98030879
015 _aGB99-29739
016 7 _a0333740181
_2Uk
020 _z0333740181
020 _z0312218443(US)
040 _aCaPaEBR
_cCaPaEBR
035 _a(OCoLC)559635531
050 1 4 _aDA990.U46
_bM432 1999eb
082 0 4 _a320.941609049
_221
100 1 _aMcCall, Cathal,
_d1966-
245 1 0 _aIdentity in Northern Ireland
_h[electronic resource] :
_bcommunities, politics and change /
_cCathal McCall.
260 _aBasingstoke :
_bMacmillan,
_c1999.
300 _axviii, 230 p.
504 _aIncludes bibliographical references and index.
533 _aElectronic reproduction.
_bPalo Alto, Calif. :
_cebrary,
_d2013.
_nAvailable via World Wide Web.
_nAccess may be limited to ebrary affiliated libraries.
650 0 _aNationalism
_zNorthern Ireland.
651 0 _aNorthern Ireland
_xPolitics and government
_y1994-
651 0 _aNorthern Ireland
_xRelations
_zEurope.
651 0 _aEurope
_xRelations
_zNorthern Ireland.
655 7 _aElectronic books.
_2local
710 2 _aebrary, Inc.
856 4 0 _uhttp://site.ebrary.com/lib/rucke/Doc?id=5001659
_zAn electronic book accessible through the World Wide Web; click to view
999 _c1268
_d1268